Pokemon Johto Quiz [German/Deutsch] - Statistiken

Allgemein
  • Dieses Quiz wurde 1.077 mal gespielt
  • Das Durchschnittsergebnis liegt bei 58 aus 100
Antwortstatistiken
Hint Pokemon % Korrekt
4 Feurigel
97%
1 Endivie
96%
7 Karnimani
96%
2 Lorblatt
93%
3 Meganie
93%
99 Ho-oh
92%
6 Tornupto
92%
98 Lugia
91%
9 Impergator
90%
93 Entei
88%
5 Igelavar
87%
94 Suicune
86%
8 Tyracroc
85%
92 Raikou
83%
12 Hoothoot
82%
100 Celebi
81%
13 Noctuh
77%
10 Wiesor
76%
57 Stahlos
75%
11 Wiesenior
74%
97 Despotar
73%
95 Larvitar
72%
88 Elekid
70%
90 Miltank
70%
96 Pupitar
70%
17 Ariados
69%
89 Magby
69%
46 Nachtara
69%
21 Pichu
68%
45 Psiana
68%
61 Scherox
68%
30 Ampharos
67%
28 Voltilamm
67%
16 Webarak
67%
29 Waaty
66%
79 Seedraking
64%
22 Pii
63%
78 Hundemon
61%
77 Hunduster
60%
24 Togepi
60%
23 Fluffeluff
59%
14 Leyba
59%
18 Iksbat
58%
25 Togetic
58%
86 Kapoera
57%
70 Keifel
57%
34 Mogelbaum
57%
15 Ledian
56%
69 Quiekel
56%
85 Rabauz
55%
87 Kussilla
53%
63 Skaraborn
53%
47 Kramurx
52%
48 Laschoking
51%
35 Quaxo
51%
36 Hoppspross
50%
50 Icognito
50%
53 Tannza
50%
38 Papungha
49%
49 Traunfugil
49%
81 Donphan
48%
54 Forstellka
48%
31 Blubella
47%
37 Hubelupf
47%
26 Natu
47%
80 Phanpy
47%
27 Xatu
47%
64 Sniebel
46%
40 Sonnkern
46%
19 Lampi
45%
20 Lanturn
45%
43 Felino
44%
76 Panzaeron
44%
41 Sonnflora
44%
44 Morlord
43%
75 Mantax
42%
65 Teddiursa
42%
66 Ursaring
42%
33 Azumarill
41%
32 Marill
41%
83 Damhirplex
40%
91 Heiteira
40%
72 Remoraid
40%
58 Snubull
40%
59 Granbull
39%
73 Octillery
39%
51 Woingenau
39%
74 Botogel
38%
52 Girafarig
37%
82 Porygon 2
37%
55 Dummisel
36%
56 Skorgla
36%
67 Schneckmag
34%
42 Yanma
34%
39 Griffel
33%
62 Pottrott
33%
60 Baldorfish
31%
71 Corasonn
31%
84 Farbeagle
30%
68 Magcargo
30%
Keine übereinstimmenden Quizze gefunden
Verteilung der Resultate
Anzahl Personen mit jedem Resultat
Perzentil nach korrekt beantworteten Fragen
Ihre Resultats-Entwicklung
Sie haben dieses Quiz noch nicht gespielt